| 000 | 01118cam a2200241 4500 | ||
|---|---|---|---|
| 001 | ABS68534 | ||
| 008 | 041214n2004 000 0 eng u | ||
| 035 | _a(Sirsi) u128293 | ||
| 100 | _aWard, S. | ||
| 245 | _aTaking the initiative | ||
| 260 | _c2004 | ||
| 490 |
_aLaw Society's Gazette _v(101/45) 25 November 2004, 22-23(2) |
||
| 520 | _aDescribes the positive aspects of the Private Finance Inititaitve (PFI). Its proponents argue that the system has been unfairly criticised by some, as many of its early problems have been sorted out and the taxpayers now get better value for money. The PFI sector is now providing a dynamic market for work including many of the larger national law firms such as City based Trowers and Hamlin. Many stress that PFI is not a rigid system and is evolving all the time with examples like the recent innovation with NHS local improvement finance trusts. | ||
| 590 | _aABS | ||
| 590 | _aABS | ||
| 650 | _aPFI | ||
| 650 | _aPFI CONTRACTS | ||
| 650 | _aLAW FIRMS | ||
| 650 | _aTROWERS & HAMLIN | ||
| 650 | _aPUBLIC SECTOR WORK | ||
| 690 | _aFINANCE-PFI | ||
| 942 | _n0 | ||
| 999 |
_c118441 _d118441 |
||